000 00943cam a22002771 4500
001 4989
003 BD-RjUL
005 20211208234005.0
008 131224s1960 txu b 000 0 eng
035 _a(BD-RjUL)
035 _a(OCoLC)1813183
040 _aDLC
_cFU-L
_dMoKU
_dOCoLC
_dDLC
_beng
041 _aeng
082 _223
_a345.077
_bRES 1960
100 1 _aHarding, Arthur Leon,
_915699
245 1 0 _aResponsibility in law and in morals /
_c[by] James Street Fulton [and others]
260 _aDallas,
_bSouthern Methodist University Press,
_c1960.
300 _aix, 108 p.
_c23cm.
410 2 0 _aSouthern Methodist University.
_tStudies in jurisprudence,
_v7
500 _a"Based upon papers delivered at the 1959 Conference on Law in Society."
504 _aIncludes bibliographical references.
650 0 _aLiability (Law)
_915700
700 1 _aFulton, James Street,
_d1904-
_915701
942 _2ddc
_cBK
999 _c4989
_d4989